| 000 | 01087cam a2200337 a 4500 | ||
|---|---|---|---|
| 999 |
_c478220 _d478220 |
||
| 001 | 16435429 | ||
| 003 | NUST | ||
| 005 | 20180418060615.0 | ||
| 008 | 100826s2011 dcua b i001 0 eng | ||
| 010 | _a 2010034836 | ||
| 020 | _a9780821384886 | ||
| 020 | _a9780821385548 (electronic) | ||
| 035 | _a(DLC)16435429 | ||
| 035 | _a(DLC)2010034836 | ||
| 040 |
_aDLC _cDLC _dDLC |
||
| 042 | _apcc | ||
| 050 | 0 | 0 |
_aHC59.15 _b.C434 2011 |
| 082 | 0 | 0 |
_a338.9/27 _222 |
| 100 | _4Lange Glenn-Marie | ||
| 245 | 0 | 4 |
_aThe changing wealth of nations : _bbuilding a sustainable future |
| 260 |
_aWashington, D.C. : _bWorld Bank, _c2011. |
||
| 300 |
_axvi, 233 p. : _bill. ; _c23 cm. |
||
| 490 | 0 | _aEnvironment and development | |
| 504 | _aIncludes bibliographical references and index. | ||
| 650 | 0 |
_aEconomic indicators. _910233 |
|
| 650 | 0 |
_aSustainable development. _9442 |
|
| 710 | 2 |
_aWorld Bank. _94999 |
|
| 906 |
_a7 _bcbc _corignew _d1 _eecip _f20 _gy-gencatlg |
||
| 942 |
_2ddc _cBK |
||